<?xml version="1.0" encoding="UTF-8"?><?xml-stylesheet type="text/xsl" href="static/style.xsl"?><OAI-PMH xmlns="http://www.openarchives.org/OAI/2.0/" xmlns:xsi="http://www.w3.org/2001/XMLSchema-instance" xsi:schemaLocation="http://www.openarchives.org/OAI/2.0/ http://www.openarchives.org/OAI/2.0/OAI-PMH.xsd"><responseDate>2026-04-14T02:29:52Z</responseDate><request verb="GetRecord" identifier="oai:www.recercat.cat:10459.1/65520" metadataPrefix="marc">https://recercat.cat/oai/request</request><GetRecord><record><header><identifier>oai:recercat.cat:10459.1/65520</identifier><datestamp>2024-12-05T23:08:04Z</datestamp><setSpec>com_2072_3622</setSpec><setSpec>col_2072_478537</setSpec></header><metadata><record xmlns="http://www.loc.gov/MARC21/slim" xmlns:dcterms="http://purl.org/dc/terms/" xmlns:xsi="http://www.w3.org/2001/XMLSchema-instance" xmlns:doc="http://www.lyncode.com/xoai" xsi:schemaLocation="http://www.loc.gov/MARC21/slim http://www.loc.gov/standards/marcxml/schema/MARC21slim.xsd">
   <leader>00925njm 22002777a 4500</leader>
   <datafield ind2=" " ind1=" " tag="042">
      <subfield code="a">dc</subfield>
   </datafield>
   <datafield ind2=" " ind1=" " tag="720">
      <subfield code="a">Jiménez García, Marina</subfield>
      <subfield code="e">author</subfield>
   </datafield>
   <datafield ind2=" " ind1=" " tag="260">
      <subfield code="c">2019-01-16T12:19:59Z</subfield>
   </datafield>
   <datafield ind2=" " ind1=" " tag="260">
      <subfield code="c">2019-01-16T12:19:59Z</subfield>
   </datafield>
   <datafield ind2=" " ind1=" " tag="260">
      <subfield code="c">2018-05</subfield>
   </datafield>
   <datafield ind2=" " ind1=" " tag="520">
      <subfield code="a">Introducció: En els últims anys ha hagut un increment dels pacients pediàtrics&#xd;
en els serveis d’urgències hospitalaris. Els motius de consulta no es corresponen&#xd;
amb una major gravetat dels processos que s’atenen i la gran majoria de casos&#xd;
podrien ser derivables a atenció primària. Es necessari tenir un bon sistema de&#xd;
triatge pediàtric per determinar la gravetat de la urgència i assignar el millor&#xd;
recurs i atenció, de manera que les veritables urgències puguin ser ateses amb&#xd;
prioritat.&#xd;
Objectiu: Conèixer els Sistemes de Triatge Pediàtric i analitzar fonaments,&#xd;
bases i motius que justifiquin el seu ús com a instrument per a la priorització de&#xd;
la urgència en pediatria.&#xd;
Metodologia: Es realitza una recerca bibliogràfica en diferents bases de dades&#xd;
sobre els diferents sistemes de triatge pediàtric que s’utilitzen a l’estat espanyol&#xd;
per valorar la seva eficàcia en els serveis d’urgències.&#xd;
Resultats: S’obté un resultat de 14 articles rellevants: 4 revisions sistemàtiques&#xd;
i 10 estudis. Posteriorment es realitza la discussió dels articles.&#xd;
Conclusions: La gran afluència de pacients pediàtrics al SUH disminueix la&#xd;
qualitat assistencial i la seguretat del propi pacient. La majoria de casos son&#xd;
derivables a centres d’atenció primària. El triatge ha de ser realitzat per el&#xd;
personal d’infermeria format prèviament en pediatria i en urgències. Els millors&#xd;
resultats es donen en escales de triatge de 5 nivells quan son utilitzades amb&#xd;
eines complementaries, com el TEP.</subfield>
   </datafield>
   <datafield ind2=" " ind1=" " tag="520">
      <subfield code="a">Introducción: En los últimos años ha habido un incremento de los pacientes&#xd;
pediátricos en los servicios de urgencias hospitalarias. Los motivos de consulta&#xd;
no se corresponden con una mayor gravedad de los procesos que se atienden y&#xd;
la gran mayoría de casos podrían ser derivables a atención primaria. Es&#xd;
necesario tener un buen sistema de triaje pediátrico para determinar la gravedad&#xd;
de la urgencia y asignar el mejor recurso y atención, de manera que las&#xd;
verdaderas urgencias podrán ser atendidas con prioridad.&#xd;
Objetivos: Conocer los Sistemas de Triaje Pediátrico y analizar fundamentos,&#xd;
bases y motivos que justifiquen su uso como instrumento para la priorización de&#xd;
la urgencia en pediatría.&#xd;
Metodología: Se realiza una búsqueda bibliográfica en diferentes bases de&#xd;
datos sobre los diferentes sistemas de triaje pediátrico que se utilizan en el&#xd;
estado español para valorar su eficacia en los servicios de urgencias.&#xd;
&#xd;
Marina Jiménez García&#xd;
&#xd;
ABORDATGE DELS SISTEMES DE TRIATGE PEDIÀTRIC&#xd;
&#xd;
4&#xd;
Resultados: Se obtiene un resultado de 14 artículos relevantes: 4 revisiones&#xd;
sistemáticas y 10 estudios. Posteriormente se realiza la discusión de los&#xd;
artículos.&#xd;
Conclusiones: La enorme afluencia de pacientes pediátricos en el SUH&#xd;
disminuye la calidad asistencial y la seguridad del propio paciente. La mayoría&#xd;
de casos son derivables a centros de atención primaria. El triaje debe ser&#xd;
realizado por el personal de enfermería formado previamente en pediatría y en&#xd;
urgencias. Los mejores resultados se dan en escalas de triaje de 5 niveles&#xd;
cuando son utilizadas con herramientas complementarias, como el TEP.</subfield>
   </datafield>
   <datafield ind2=" " ind1=" " tag="520">
      <subfield code="a">Introduction: In the last years the number of children that go to the emergency&#xd;
room has increased. Children don’t have worse health and most of them could&#xd;
go to the basic health area (CAP). We must have a good paediatric triage system&#xd;
to detect emergencies and give the best care, giving priority to real urgencies.&#xd;
Objectives: To know paediatric triage systems and to analyse the bases and&#xd;
motives for using them as instrument for the prioritization of the urgency in the&#xd;
paediatric area.&#xd;
Methodology: A literature search in different databases of the different paediatric&#xd;
triage systems used in Spain to assess their effectiveness in emergency services.&#xd;
Results: 10 relevant articles: 4 systematic reviews and 10 studies. After this,&#xd;
there is an analysis of the articles.&#xd;
Conclusions: When there are many children in the emergency services there is&#xd;
less quality of care and less patient safety. The majority of cases could be&#xd;
attended in primary care centers. The triage must be done by the nurse. This&#xd;
nurse must be a specialist in paediatrics and in emergencies. The best triage&#xd;
results are with scales of 5 levels also using other techniques, such as TEP.</subfield>
   </datafield>
   <datafield ind1="8" ind2=" " tag="024">
      <subfield code="a">http://hdl.handle.net/10459.1/65520</subfield>
   </datafield>
   <datafield tag="653" ind2=" " ind1=" ">
      <subfield code="a">Triatge</subfield>
   </datafield>
   <datafield tag="653" ind2=" " ind1=" ">
      <subfield code="a">Sistema de triatge</subfield>
   </datafield>
   <datafield tag="653" ind2=" " ind1=" ">
      <subfield code="a">Pediatria</subfield>
   </datafield>
   <datafield tag="653" ind2=" " ind1=" ">
      <subfield code="a">Urgències</subfield>
   </datafield>
   <datafield tag="653" ind2=" " ind1=" ">
      <subfield code="a">Hospital</subfield>
   </datafield>
   <datafield tag="653" ind2=" " ind1=" ">
      <subfield code="a">Emergència</subfield>
   </datafield>
   <datafield tag="653" ind2=" " ind1=" ">
      <subfield code="a">Triaje</subfield>
   </datafield>
   <datafield tag="653" ind2=" " ind1=" ">
      <subfield code="a">Sistema de triaje</subfield>
   </datafield>
   <datafield tag="653" ind2=" " ind1=" ">
      <subfield code="a">Pediatría</subfield>
   </datafield>
   <datafield tag="653" ind2=" " ind1=" ">
      <subfield code="a">Urgencias</subfield>
   </datafield>
   <datafield tag="653" ind2=" " ind1=" ">
      <subfield code="a">Hospital</subfield>
   </datafield>
   <datafield tag="653" ind2=" " ind1=" ">
      <subfield code="a">Emergencias</subfield>
   </datafield>
   <datafield tag="653" ind2=" " ind1=" ">
      <subfield code="a">Triage</subfield>
   </datafield>
   <datafield tag="653" ind2=" " ind1=" ">
      <subfield code="a">Triage system</subfield>
   </datafield>
   <datafield tag="653" ind2=" " ind1=" ">
      <subfield code="a">Paediatrics</subfield>
   </datafield>
   <datafield tag="653" ind2=" " ind1=" ">
      <subfield code="a">Emergency</subfield>
   </datafield>
   <datafield tag="653" ind2=" " ind1=" ">
      <subfield code="a">Triatge (Medicina)</subfield>
   </datafield>
   <datafield tag="653" ind2=" " ind1=" ">
      <subfield code="a">Urgències mèdiques, Serveis d'</subfield>
   </datafield>
   <datafield tag="653" ind2=" " ind1=" ">
      <subfield code="a">Urgències en pediatria</subfield>
   </datafield>
   <datafield ind2="0" ind1="0" tag="245">
      <subfield code="a">Abordatge dels sistemes de triatge pediàtric: un instrument per a la priorització de les urgències pediàtriques. Revisió bibliogràfica</subfield>
   </datafield>
</record></metadata></record></GetRecord></OAI-PMH>